5, 6, 7 czy 8? - Statystyki

Ogólne statystyki
  • Ten quiz został rozwiązany 3 645 razy
  • Średni wynik to 8 z 15
Statystyki odpowiedzi
Zagadnienie Odpowiedź % Poprawnych
Ile lat nieszczęścia grozi za stłuczenie lustra? 7
87%
Ile planet znajduje się w Układzie Słonecznym? 8
82%
Która liczba zaczyna się na O, gdy pisze się ją po hiszpańsku? 8
72%
Ile bitów ma bajt? 8
71%
Ile jest osób w zespole muzycznym Spice Girls? 5
70%
Którego dnia stworzenia Bóg stworzył człowieka, według Biblii? 6
65%
Ile nóg ma owad? 6
65%
Ile ramion ma Gwiazda Dawida? 6
59%
Ile jest Wielkich Jezior Ameryki Północnej? 5
48%
W którym „odcinku” Gwiezdnych Wojen pojawiły się Ewoki? 6
40%
Ile żon miał król Henryk VIII? 6
39%
Jaka jest liczba atomowa tlenu? 8
37%
Jaka liczba jest najbardziej prawdopodobna do wyrzucenia za pomocą pary kostek? 7
33%
Ile złotych medali olimpijskich zdobył Michael Phelps w 2008 roku? 8
23%
Jaka liczba jest najszczęśliwsza w Chinach? 8
22%
Nie znaleziono quizów pasujących do podanych kryteriów
Rozkład punktacji
Procent ludzi z każdym wynikiem
Percentyl według liczby udzielonych odpowiedzi
Twoja historia wyników
Nie rozwiązałeś tego quizu